000 00868nas a2200277 4500
001 BR0203236
003 BR-BrBNA
005 20231205103046.0
007 ta
008 230509b bl.|||p| |||| 00| 00por d
040 _aBR-BrBNA
_bpor
_cBiblioteca Nacional de Agricultura
041 _a(Pt)
072 _aF30; H10
100 1 _aGuimarães, L.M.P.
100 1 _aMoura, R.M. de
100 1 _aPedrosa, E.M.R.
245 1 _aEfeito da alta temperatura do solo na interação nematóide-planta em cultivares de tomateiro resistente à meloidoginose
650 _aTOMATE
650 _aVARIEDADE RESISTENTE
650 _aMELOIDOGINOSE
650 _aTEMPERATURA
650 _aESTUFA
773 0 _tNematologia Brasileira (Brazil)
_xISSN 0102-2997
_g(Dec 2001), v. 25(2) p. 185-189
_wBR0203236
909 _a202311
_bLúcia
_c55
_dLúcia Elande
942 _2AGRIS
_n0
_cANA
999 _c170831
_d170831